000 00935cam a22002777a 4500
003 CHAP
005 20220817042424.0
008 971013s1994 r 00010 d
010 _a44226
011 _a45198
035 _a49337
040 _cCHAP
082 _a338.9721
_bD3
100 0 0 _aDávila Flores, Mario.
_933107
245 1 3 _aLa economía de Coahuila en el año 2000
260 _aSaltillo, Coah. :
_bUniversidad Autónoma de Coahuila. Coordinación General de Estudios de Postgrado e Investigación,
_c1994
300 _a105 p.
_b; gráfs.
590 _aBATCH-UPD
_b10
_c20130110
_lUCH01
_h2003
590 _aBATCH-UPD
_b10
_c20130410
_lUCH01
_h1323
590 _aBATCH-UPD
_b10
_c20130914
_lUCH01
_h0953
590 _aCONVERSION
_b10
_c20130109
_lUCH01
_h1324
650 1 4 _aCoahuila
_xCondiciones económicas.
901 _aBK
942 _cLIBRO
949 _a338.9721 D3
_bBC
_cLIBRO
_d33724000010948
_eLIBRO
_h89355
_i49337
_mD
_si
999 _c44226
_d44226